000 00436nam a2200193Ia 4500
005 20240823035018.0
008 240823s9999||||xx |||||||||||||| ||und||
020 _a978-93-5029-192-4
041 _aENGLISH
082 _A823.91 Q1
100 _aAshok K Banker
245 0 _aFlute of Vrindavan
250 _a1st
260 _c2011
_bHapper Publica
500 _aYES
650 _aNovel
_bEnglish
942 _cBK
999 _c199668
_d199668